00937nam a2200229 a 450000100060000000300090000600800410001502000150005604000280007108200180009924500550011726000540017230000230022650500790024959000650032865000520039365000400044565000400048594200120052599900170053795201530055410161CO-ViMGA141112s2004 ck r 000 u spa d a8449413583 aCO-ViMGAbspacCO-ViMGA04aR616.024 M15810aManual Merck de Información Medica para el Hogar aBarcelona : bOceano Grupo Editorioal S.A, c1997 a1563p. : il. color aFUNDAMENTOS : Anatomía - Genética - envejecimiento - Muerte y agonía aForma de adquisición : Proyecto 2005 - - Precio : 207.00014aATENCION PRIMARIA EN LA SALUD - MANUALES91308914aMEDICINA FAMILIAR - MANUALES91309014aMEDICINA FAMILIAR - MANUALES913090 2ddccBK c21534d21534 00102ddc40708002aMEVIECARbMEVIECARd2015-12-04hVolumen. 1 | 11/jun/2009l0oR616.024 M158 p10161r2022-10-03 00:00:00tEj. 1w2015-12-04yBK